Billie Eilish - Happier Than Ever Lyrics - Statistics

General Stats
  • This quiz has been taken 212 times
  • The average score is 305 of 338
Answer Stats
Answer % Correct
a
100%
ever
100%
ever)
100%
I
100%
I'm
100%
than
100%
you
100%
you)
100%
You
100%
away
99%
from
99%
happier
99%
(happier
99%
When
99%
(when
99%
when
99%
Be
98%
could
98%
do
98%
Do
98%
do)
98%
it
98%
me
98%
To
98%
to
98%
to)
98%
Wish
98%
wish
98%
(wish
98%
better
97%
better)
97%
my
97%
(My
97%
Was
96%
was
96%
in
95%
on
94%
So
94%
the
94%
your
94%
an
93%
were
93%
'Cause
92%
'cause
92%
explain
92%
or
92%
Or
92%
true
92%
true)
92%
wasn't
92%
And
91%
every
91%
never
91%
Never
91%
about
90%
any
90%
Don't
90%
don't
90%
of
90%
talk
90%
that
90%
this
90%
bad
89%
fu*****
89%
I'd
89%
internet
89%
made
89%
Made
89%
tell
89%
think
89%
way?
89%
what
89%
(what
89%
anything
88%
but
88%
But
88%
'em
88%
everything
88%
friends
88%
Give
88%
shit
88%
told
88%
all
87%
anyone
87%
day
87%
did
87%
hate
87%
have
87%
time
87%
two
87%
city
86%
letter
86%
myself
86%
no
86%
said
86%
call
85%
make
85%
only
85%
sad
85%
again
84%
embarrassing
84%
Just
84%
leave
84%
relate
84%
something
84%
try
84%
write
84%
alone
83%
feel
83%
listen
83%
shitty
83%
treat
83%
drunk
82%
up
82%
breath
81%
under
81%
You'd
81%
you'd
81%
Benz
80%
Driving
80%
home
80%
influence
80%
shit's
80%
waste
80%
wasting
80%
death
79%
even
79%
read
79%
scared
79%
clever
78%
own
78%
good
77%
know
77%
moments
77%
for
76%
if
76%
telling
76%
asked
75%
through
75%
empty
74%
misunderstood
74%
opposite
74%
Always
73%
avenue?
73%
avenue)
73%
cool
73%
interviews?
73%
knew
73%
line
73%
ruined
73%
say
73%
showed
73%
kid
71%
really
71%
skip
71%
mind
70%
miserable
70%
passing
70%
wanna
70%
more
69%
isn't
68%
mother
68%
end
67%
fair
67%
afraid
66%
clearly
66%
paid
66%
aware
63%
shut
63%
weren't
63%
out
62%
mm-mmm
52%
mmm-mmm
52%
No matching quizzes found
Score Distribution
Percent of People with Each Score
Percentile by Number Answered
Your Score History
You have not taken this quiz